| 000 | 00921nam0a22002651 4500 | ||
|---|---|---|---|
| 001 | rc\715177 | ||
| 005 | 20250621223857.0 | ||
| 010 |
_a5-7571-0048-6 _93000 |
||
| 035 | _a(NLR Aleph) 005958701 | ||
| 090 |
_a6830152 _c6830152 |
||
| 100 | _a20031121d1996 |||y0rusy50 ca | ||
| 101 | 0 | _arus | |
| 102 | _aRU | ||
| 105 | _aa ||||||||| | ||
| 200 | 1 |
_aГистология и эмбриология органов полости рта человека _eУчеб. пособие для студентов стоматол. фак. мед. ин-тов _fВ.Л. Быков |
|
| 210 |
_aСПб. _cСпец. лит. _d1996 |
||
| 215 |
_a247 с. _cил. _d22 |
||
| 300 | _aС автогр. авт. | ||
| 320 | _aБиблиогр.: с. 223-230 | ||
| 700 | 1 |
_aБыков _bВ.Л. _gВладимир Лазаревич |
|
| 801 | 0 |
_aRU _bNLR _gpsbo |
|
| 801 | 1 |
_aRU _bELAR _2rusmarc |
|
| 852 |
_aNLR _j97-5/786 |
||
| 942 | _cBOOK | ||
| 980 | _aNB | ||